| 000 | 00861cam a22002893a 4500 | ||
|---|---|---|---|
| 001 | 26998 | ||
| 003 | PGUSA | ||
| 005 | 20140828083601.0 | ||
| 008 | 081024s2008||||xxu|||||s|||||000 1 eng d | ||
| 040 |
_aPGUSA _beng |
||
| 042 | _adc | ||
| 050 | 4 | _aPZ | |
| 050 | 4 | _aPR | |
| 100 | 1 |
_aBarrie, J. M. _q(James Matthew), _d1860-1937 |
|
| 245 | 1 | 0 |
_aPeter Pan in Kensington Gardens _h[electronic resource] / _cJ. M. Barrie |
| 260 |
_bProject Gutenberg, _c2008 |
||
| 506 | _aPublic domain in the USA. | ||
| 516 | _aElectronic text | ||
| 653 | _aFantasy | ||
| 653 | _aPeter Pan (Fictitious character) -- Fiction | ||
| 653 | _aKensington Gardens (London, England) -- Fiction | ||
| 653 | _aFairies -- Fiction | ||
| 700 | 1 |
_aRackham, Arthur, _d1867-1939 |
|
| 830 | 0 |
_aProject Gutenberg _v26998 |
|
| 856 | 4 | 0 | _uhttp://www.gutenberg.org/ebooks/26998 |
| 942 | _cEB | ||
| 999 |
_c256253 _d256253 |
||